| 000 | 00340nam a22001337a 4500 | ||
|---|---|---|---|
| 020 | _qHB. | ||
| 040 | _cFIZZA | ||
| 082 |
_a973.731092 _bBAR |
||
| 100 |
_aGELLMAN,BARTON. _9132518 |
||
| 245 |
_aANGLER THE CHENEY VICE PRESIDENCY / _cBARTON,GELLMAN. |
||
| 260 |
_aNEW YORK; _b PENGUIN PRESS, _c2008. |
||
| 300 | _a483 P. ; | ||
| 942 |
_2ddc _cBK |
||
| 999 |
_c615653 _d615653 |
||